[Event "ICS rated blitz match"]
[Site "204.178.125.65"]
[Date "2000.01.24"]
[Round "?"]
[White "Hossa"]
[Black "grobdigger"]
[Result "1-0"]
[WhiteElo "2514"]
[BlackElo "2218"]
[PlyCount "59"]

1. e4 e6 2. d4 d5 3. Nc3 Bb4 4. a3 Bxc3+ 5. bxc3 dxe4 6. f3 exf3 7. Nxf3 b6 8.
Be2 Ba6 9. Bxa6 Nxa6 10. Qe2 Nb8 11. O-O Nc6 12. Qe4 Qd5 13. Qf4 Qd6 14. Qg5 g6
15. Bf4 Qe7 16. Qb5 Qd7 17. Rae1 O-O-O 18. Ng5 Nb8 19. Qxd7+ Rxd7 20. Be5 f6
21. Bxf6 Nxf6 22. Rxf6 h6 23. Nf7 Re8 24. Nxh6 e5 25. dxe5 Rd2 26. Rxg6 Nd7 27.
Rg8 Rxg8 28. Nxg8 Kd8 29. e6 Nc5 30. e7+ 1-0

[Event "ICS rated standard match"]
[Site "204.178.125.65"]
[Date "2000.01.24"]
[Round "?"]
[White "Hossa"]
[Black "Amateur"]
[Result "1-0"]
[WhiteElo "2249"]
[BlackElo "2275"]
[PlyCount "156"]

1. e4 e5 2. Nf3 Nc6 3. Bb5 a6 4. Ba4 Nf6 5. O-O Be7 6. Re1 b5 7. Bb3 O-O 8. c3
d6 9. h3 Be6 10. d4 Bxb3 11. Qxb3 d5 12. exd5 Na5 13. Qd1 e4 14. Ng5 Qxd5 15.
Qe2 Rfe8 16. Nxe4 Nxe4 17. Qxe4 Qd7 18. Qf3 Bf6 19. Be3 Nc4 20. b3 Nxe3 21.
fxe3 Qe7 22. e4 Bh4 23. Re2 Bg5 24. Rf2 f6 25. Re2 Rad8 26. b4 Rd7 27. a4 Qe6
28. axb5 axb5 29. Ra7 Qb6 30. Ra5 Rde7 31. Na3 c6 32. Nc2 Qc7 33. Ne1 Bf4 34.
Nd3 Bd6 35. Ra1 Re6 36. Ra6 Qb7 37. Raa2 Qf7 38. Re3 Qb7 39. Re1 Qd7 40. Kh1
Qf7 41. Ra6 Qb7 42. Ra3 Qe7 43. Nf2 Bb8 44. Re3 Qc7 45. g3 Qf7 46. Kg1 Ba7 47.
Qf5 Bb8 48. Rf3 g6 49. Qc5 Bd6 50. Qa7 Bb8 51. Qxf7+ Kxf7 52. Ra6 Ke7 53. Rb6
Kd7 54. Rb7+ Bc7 55. Nd3 Kc8 56. Nc5 Rxe4 57. Nxe4 Kxb7 58. Nc5+ Kc8 59. Rxf6
Bxg3 60. Rxc6+ Kd8 61. Ne6+ Kd7 62. d5 Be5 63. Kf2 Rc8 64. Nc5+ Kd8 65. Rb6
Bxc3 66. Rxb5 Kc7 67. Ke3 Re8+ 68. Kd3 Bh8 69. Rb7+ Kd6 70. Kc4 h5 71. Rb6+ Ke7
72. Rxg6 Kf7 73. Re6 Be5 74. b5 Bg3 75. Rxe8 Kxe8 76. b6 Kd8 77. d6 Bxd6 78.
Nb7+ Kd7 1-0

[Event "ICS rated standard match"]
[Site "204.178.125.65"]
[Date "2000.01.24"]
[Round "?"]
[White "Amateur"]
[Black "Hossa"]
[Result "1/2-1/2"]
[WhiteElo "2258"]
[BlackElo "2266"]
[PlyCount "114"]

1. Nc3 d5 2. d3 d4 3. Ne4 Nc6 4. e3 e5 5. exd4 exd4 6. Nf3 f5 7. Neg5 Bb4+ 8.
Bd2 Bxd2+ 9. Qxd2 Qe7+ 10. Qe2 h6 11. Nh3 g5 12. Nhg1 Be6 13. h3 O-O-O 14. a3
Re8 15. O-O-O Qc5 16. Re1 Rh7 17. Qd1 Rhe7 18. Nd2 Bd5 19. Rxe7 Qxe7 20. Rh2
Nf6 21. g3 Qe6 22. Be2 Kb8 23. Bf3 Ka8 24. Rh1 Re7 25. Bxd5 Qxd5 26. Ngf3 g4
27. hxg4 Nxg4 28. Qf1 Nce5 29. Nxe5 Qxe5 30. Nb3 Kb8 31. Rh5 Re6 32. Qg1 Rd6
33. Nd2 Rc6 34. Nb3 Rf6 35. Rh4 c5 36. Kb1 Ka8 37. Qg2 Rc6 38. Rh1 Re6 39. Qf3
Re8 40. Rh5 Rf8 41. Qf4 Qxf4 42. gxf4 b6 43. f3 Ne3 44. Rxh6 Ng2 45. a4 Nxf4
46. a5 Kb7 47. Nd2 Nd5 48. axb6 axb6 49. Nc4 Kc7 50. Nd6 Ne3 51. Nb5+ Kb7 52.
c3 dxc3 53. bxc3 Rd8 54. Nd6+ Kc7 55. Nb5+ Kb7 56. Nd6+ Kc7 57. Nb5+ Kb7
1/2-1/2

[Event "ICS rated standard match"]
[Site "204.178.125.65"]
[Date "2000.01.24"]
[Round "?"]
[White "Hossa"]
[Black "PostModernist"]
[Result "0-1"]
[WhiteElo "2266"]
[BlackElo "2458"]
[PlyCount "48"]

1. e4 c5 2. Nf3 e6 3. d4 cxd4 4. Nxd4 Nf6 5. Nc3 d6 6. g3 a6 7. Bg2 Qc7 8. Bg5
Be7 9. O-O O-O 10. Qd2 Nbd7 11. Rab1 Rb8 12. Rfd1 b5 13. a3 Bb7 14. Nde2 Rfd8
15. Qd4 Ne5 16. Ra1 Nc4 17. Rab1 Rbc8 18. Bh1 h6 19. Bc1 Nd7 20. Kf1 Bf6 21.
Qd3 Nde5 22. Qd4 Nf3 23. Qd3 Nce5 24. Qe3 Ng4 0-1

[Event "ICS Rated blitz match"]
[Site "204.178.125.65"]
[Date "2000.01.24"]
[Round "?"]
[White "Amateur"]
[Black "Hossa"]
[Result "1-0"]
[WhiteElo "2527"]
[BlackElo "2509"]
[PlyCount "123"]

1. Nc3 c5 2. e4 Nc6 3. Nf3 Nf6 4. Bb5 a6 5. Bxc6 bxc6 6. d3 d5 7. Bf4 Qb6 8. b3
Bg4 9. O-O e6 10. exd5 cxd5 11. h3 Bh5 12. Na4 Qb4 13. Be5 Be7 14. a3 Qa5 15.
g4 Bg6 16. Qe1 Qxe1 17. Raxe1 Rc8 18. Nh4 O-O 19. Nxg6 hxg6 20. Bf4 Kh7 21. c4
Rh8 22. Nb6 Rce8 23. cxd5 exd5 24. Na8 Bd8 25. Nc7 Rxe1 26. Rxe1 g5 27. Bd6
Bxc7 28. Bxc7 Kg6 29. Kg2 Rc8 30. Bd6 c4 31. dxc4 dxc4 32. bxc4 Rxc4 33. Re5
Rc6 34. Bb4 Rc7 35. Bd2 Nh7 36. Rd5 Rc6 37. Kf3 f6 38. Bb4 Kh6 39. Rd6 Rxd6 40.
Bxd6 Kg6 41. Ke4 Kf7 42. Kd5 f5 43. gxf5 Nf6+ 44. Kd4 Nd7 45. Bb4 Kf6 46. Ke4
Nb6 47. Bc3+ Kf7 48. Kd3 Nd7 49. Bd4 Nf6 50. a4 Nd5 51. Ke4 Nf6+ 52. Bxf6 Kxf6
53. a5 Ke7 54. Kd5 Kf6 55. Kc6 Ke5 56. Kb7 Kd6 57. Kxa6 Kc7 58. Ka7 Kc6 59. a6
Kc7 60. f3 Kc8 61. Kb6 Kd8 62. a7 1-0

[Event "ICS Rated blitz match"]
[Site "204.178.125.65"]
[Date "2000.01.24"]
[Round "?"]
[White "Hossa"]
[Black "Amateur"]
[Result "0-1"]
[WhiteElo "2494"]
[BlackElo "2542"]
[PlyCount "168"]

1. e4 e5 2. Nf3 Nc6 3. Bb5 a6 4. Ba4 Nf6 5. O-O Be7 6. Re1 b5 7. Bb3 d6 8. c3
O-O 9. h3 Na5 10. Bc2 c5 11. d4 Nd7 12. Nbd2 cxd4 13. cxd4 Bb7 14. b3 Nc6 15.
Bb2 Bf6 16. Nf1 exd4 17. Nxd4 Nb4 18. Bb1 Rc8 19. Ne3 Re8 20. Ng4 Be5 21. Nxe5
dxe5 22. Nf5 Re6 23. a3 Nc6 24. Qh5 Nf6 25. Qg5 Ne8 26. Qe3 Rg6 27. f4 exf4 28.
Qxf4 Ne7 29. Nh4 Rd6 30. Rf1 Qb6+ 31. Kh1 f6 32. b4 Kh8 33. Nf3 Rdd8 34. Qh4
Ng6 35. Qe1 Nf4 36. a4 bxa4 37. Rxa4 Nd3 38. Bxd3 Rxd3 39. Ra3 Rxa3 40. Bxa3
Qe6 41. Kg1 Nd6 42. Qf2 Nc4 43. Bc1 Qxe4 44. Nd4 Ne5 45. Nb3 Qxb4 46. Nd4 Bd5
47. Be3 a5 48. Qf5 Qc3 49. Qf4 Nc4 50. Bf2 Ne5 51. Be3 Qd3 52. Rf2 Nc4 53. Nf5
Nxe3 54. Nxe3 Be6 55. Rf1 a4 56. Nd1 a3 57. Nf2 Qxf1+ 58. Kxf1 a2 59. Qa4 Rc1+
60. Ke2 a1=Q 61. Qxa1 Rxa1 62. Ke3 Ra3+ 63. Ke4 Rg3 64. Nd3 Bd5+ 65. Kxd5 Rxd3+
66. Ke4 Rg3 67. Kf4 Rxg2 68. Kf3 Ra2 69. Kg3 h5 70. Kh4 Ra4+ 71. Kg3 Ra3+ 72.
Kh2 h4 73. Kg2 Rg3+ 74. Kf2 Rxh3 75. Kg2 Rg3+ 76. Kf2 Rg5 77. Ke3 h3 78. Ke4 h2
79. Kd4 h1=Q 80. Kd3 Qh3+ 81. Kd4 Qh4+ 82. Ke3 Rg3+ 83. Kf2 Qh2+ 84. Ke1 Rg1#
0-1

[Event "ICS Rated blitz match"]
[Site "204.178.125.65"]
[Date "2000.01.24"]
[Round "?"]
[White "Hossa"]
[Black "PostModernist"]
[Result "0-1"]
[WhiteElo "2480"]
[BlackElo "2562"]
[PlyCount "170"]

1. e4 c5 2. Nf3 Nc6 3. d4 cxd4 4. Nxd4 e6 5. Nc3 a6 6. Be3 Qc7 7. Be2 Nf6 8.
Nxc6 bxc6 9. O-O Bb4 10. Qd4 c5 11. Qd3 Bb7 12. f3 c4 13. Qd4 e5 14. Qxc4 Qxc4
15. Bxc4 Rc8 16. Bd3 Bxc3 17. bxc3 Rxc3 18. Rfb1 Bc8 19. Rb8 Ke7 20. Rab1 d6
21. Ra8 Nd7 22. Rb4 Rc7 23. Rc4 Nc5 24. Bxc5 dxc5 25. Rc3 Rc6 26. Ra7+ Kf6 27.
Bc4 Be6 28. Bd5 Rb6 29. Rxc5 Rd8 30. Rcc7 Rf8 31. Kf2 h5 32. a4 h4 33. a5 Rd6
34. c4 Rb8 35. c5 Rb2+ 36. Ke3 Rxd5 37. exd5 Bxd5 38. Rxa6+ Be6 39. g3 h3 40.
Rc8 Rxh2 41. Rh8 Rc2 42. Rxh3 Rc3+ 43. Ke4 Rc4+ 44. Kd3 Rxc5 45. g4 Kg5 46. Kd2
Kf4 47. Ra7 e4 48. fxe4 Kxe4 49. Rh5 g5 50. Rh7 Rd5+ 51. Kc3 Kf3 52. a6 Rd6 53.
Rh6 Kxg4 54. Rf6 Kg3 55. Ra8 g4 56. Kb4 Kg2 57. Kc5 Rd5+ 58. Kb6 g3 59. Rf8
Rd6+ 60. Ka5 Rd5+ 61. Kb4 Rd7 62. Kb5 Kg1 63. Kb6 Rd6+ 64. Ka7 g2 65. Rh8 Rd2
66. Kb8 Rb2+ 67. Kc7 Ra2 68. Kb6 Rf2 69. Rhh6 Kf1 70. Rxf2+ Kxf2 71. Rh2 Bd5
72. Kc7 Ke3 73. Rh3+ Kf4 74. Rh4+ Kg5 75. Rh7 Kf6 76. Rh5 Be4 77. Rh4 g1=Q 78.
Rxe4 Qc5+ 79. Kb7 Qd5+ 80. Kb6 Qxe4 81. Ka7 Qc6 82. Kb8 Qb6+ 83. Kc8 Ke6 84. a7
Qxa7 85. Kd8 Qb8# 0-1

[Event "ICS rated blitz match"]
[Site "204.178.125.65"]
[Date "2000.01.25"]
[Round "?"]
[White "Hossa"]
[Black "Beadle"]
[Result "1/2-1/2"]
[WhiteElo "2468"]
[BlackElo "2526"]
[PlyCount "125"]

1. e4 c6 2. d4 d5 3. Nc3 dxe4 4. Nxe4 Nf6 5. Nxf6+ exf6 6. Bc4 Bd6 7. Qe2+ Qe7
8. Qxe7+ Kxe7 9. Ne2 Bf5 10. c3 b5 11. Bb3 Re8 12. O-O Kf8 13. Re1 Nd7 14. a4
a6 15. axb5 axb5 16. Be3 Rxa1 17. Rxa1 h6 18. Ra6 Nb8 19. Ra7 Re7 20. Ra8 Bd3
21. Nc1 Be4 22. c4 bxc4 23. Bxc4 Rb7 24. b3 h5 25. f3 Bf5 26. d5 cxd5 27. Bxd5
Re7 28. Bf2 Re8 29. Ra7 Re7 30. Ra5 g6 31. Ra8 Kg7 32. b4 Rd7 33. Be3 Be5 34.
Bb3 Nc6 35. b5 Nd4 36. Ba4 Bc2 37. f4 Nf5 38. Bxc2 Nxe3 39. fxe5 Nxc2 40. exf6+
Kxf6 41. Ne2 Ne3 42. Nc3 Kf5 43. Re8 Rd3 44. Ne4 Nc4 45. Rc8 Ne5 46. Nc3 Rd6
47. Kf1 Rd2 48. b6 Rb2 49. Na4 Rb4 50. Ra8 Nc4 51. Ra6 Ne3+ 52. Kf2 Ng4+ 53.
Kg3 Rb3+ 54. Kh4 Nxh2 55. Nc5 Rb4+ 56. Kh3 Ng4 57. b7 Nf2+ 58. Kh2 h4 59. Ra4
Ng4+ 60. Kh3 Nf2+ 61. Kh2 Ng4+ 62. Kh3 Nf2+ 63. Kh2 1/2-1/2

[Event "ICS rated blitz match"]
[Site "204.178.125.65"]
[Date "2000.01.25"]
[Round "?"]
[White "PostModernist"]
[Black "Hossa"]
[Result "1-0"]
[WhiteElo "2528"]
[BlackElo "2471"]
[PlyCount "95"]

1. e4 e5 2. Nf3 Nc6 3. Bb5 a6 4. Ba4 Nf6 5. Qe2 b5 6. Bb3 Be7 7. O-O O-O 8. c3
d6 9. Rd1 Be6 10. d4 exd4 11. Bxe6 fxe6 12. cxd4 Qd7 13. Bg5 Ng4 14. Bd2 Rf7
15. h3 Nf6 16. a3 d5 17. e5 Ne4 18. Nc3 Nxd2 19. Qxd2 Raf8 20. Ne2 Rxf3 21.
gxf3 Rxf3 22. Kg2 Rf5 23. Rac1 Nb8 24. Qc3 c6 25. f4 b4 26. axb4 Qb7 27. Rc2
Bxb4 28. Qg3 a5 29. Kg1 Qf7 30. Qg2 Qh5 31. Rdc1 Qf7 32. Ra1 Qe7 33. Qg4 Qf7
34. Rf1 Qa7 35. Kh2 Qa6 36. Ng3 Rf7 37. Qxe6 Qd3 38. Rg2 Be7 39. f5 Bg5 40. f6
Nd7 41. fxg7 Qxf1 42. Nxf1 Nf8 43. gxf8=Q+ Kxf8 44. Rxg5 Rf2+ 45. Kg3 Rf7 46.
Qd6+ Re7 47. Qd8+ Kf7 48. Qg8# 1-0

[Event "ICS Rated standard match"]
[Site "204.178.125.65"]
[Date "2000.01.25"]
[Round "?"]
[White "PostModernist"]
[Black "Hossa"]
[Result "1-0"]
[WhiteElo "2460"]
[BlackElo "2258"]
[PlyCount "109"]

1. c4 c5 2. Nf3 Nc6 3. g3 e6 4. Bg2 d5 5. O-O Nf6 6. d4 dxc4 7. Qa4 Qa5 8. Qxc4
cxd4 9. Nxd4 Nxd4 10. Qxd4 Bc5 11. Qc4 O-O 12. Rd1 Bb6 13. Bf3 Qf5 14. Nc3 e5
15. Nd5 Nxd5 16. Qxd5 Qf6 17. h4 h6 18. Be3 Bxe3 19. fxe3 Re8 20. Rf1 Rd8 21.
Qc5 Qe6 22. Rad1 Rf8 23. Be4 Qb6 24. Qxe5 Bh3 25. Rf2 Rfe8 26. Qf4 Re7 27. b3
Rf8 28. Qf3 Qa6 29. Rd4 Qxa2 30. g4 Qxb3 31. Bd3 Qd1+ 32. Kh2 Qc1 33. Qxh3 Rxe3
34. Rf3 Re7 35. g5 Rfe8 36. Qg2 hxg5 37. hxg5 Qc5 38. Rdf4 Kf8 39. Bc4 Qe5 40.
Qg3 Kg8 41. g6 Rc8 42. Bxf7+ Rxf7 43. gxf7+ Kf8 44. Qh3 Ra8 45. Qh8+ Ke7 46.
Qxa8 Qxe2+ 47. Kg3 Qe1+ 48. Rf2 Qg1+ 49. Kh3 Qh1+ 50. Rh2 Ke6 51. Qe8+ Kd5 52.
Qd7+ Ke5 53. Qd4+ Ke6 54. f8=N+ Ke7 55. Qd7# 1-0

[Event "ICS rated blitz match"]
[Site "204.178.125.65"]
[Date "2000.01.25"]
[Round "?"]
[White "JohnnyReb"]
[Black "Hossa"]
[Result "1-0"]
[WhiteElo "2794"]
[BlackElo "2458"]
[PlyCount "175"]

1. d4 Nf6 2. c4 g6 3. Nc3 Bg7 4. e4 d6 5. Be2 O-O 6. Nf3 e5 7. Be3 exd4 8. Nxd4
Re8 9. f3 Bd7 10. O-O Nc6 11. Qd2 Nxd4 12. Bxd4 Be6 13. Rad1 Qe7 14. Kh1 a6 15.
b3 Rad8 16. a3 Rc8 17. Rfe1 c6 18. g4 Rcd8 19. g5 Nh5 20. Bxg7 Nxg7 21. Qf4 Bc8
22. Rg1 Nh5 23. Qe3 Qe5 24. b4 Nf4 25. Bf1 f6 26. gxf6 Qxf6 27. Ne2 Nxe2 28.
Bxe2 Rf8 29. a4 Rd7 30. a5 Qe5 31. Rg5 Qb2 32. Qd2 Qf6 33. Rg3 Qe5 34. Rg2 Rf4
35. Rdg1 Rdf7 36. Rg5 Qe6 37. Rd1 Qf6 38. Rgg1 Rd7 39. Rg3 Rd8 40. Qe3 Qh4 41.
Rdg1 Rdf8 42. Qd3 Qe7 43. Rd1 Rd8 44. Qd4 Qh4 45. Rdg1 Rd7 46. Bd3 Qh5 47. Qe3
Rdf7 48. Be2 Qe5 49. Qd2 c5 50. Rg5 Qe7 51. bxc5 dxc5 52. Qd5 Qf6 53. Qxc5 Bh3
54. R5g3 Qb2 55. Qd5 Bd7 56. R3g2 Bh3 57. Rxg6+ hxg6 58. Rxg6+ Kh8 59. Qd8+ Rf8
60. Rh6+ Kg8 61. Qg5+ Qg7 62. Rg6 R4f7 63. c5 Be6 64. h4 Kh7 65. Qh5+ Kg8 66.
Qh6 Bb3 67. Rxg7+ Rxg7 68. c6 bxc6 69. Qxc6 Rf4 70. Qh6 Rxh4+ 71. Qxh4 Rh7 72.
Qxh7+ Kxh7 73. Bxa6 Kg6 74. Bd3 Kg5 75. a6 Ba4 76. a7 Bc6 77. Bc4 Kf4 78. Bd5
Bb5 79. a8=Q Kxf3 80. e5+ Kf4 81. e6 Ke3 82. e7 Be8 83. Qxe8 Kd2 84. Qg6 Kc3
85. e8=Q Kd4 86. Qgc6 Kd3 87. Qe4+ Kd2 88. Qcc2# 1-0

[Event "ICS Rated blitz match"]
[Site "204.178.125.65"]
[Date "2000.01.25"]
[Round "?"]
[White "Hossa"]
[Black "Amateur"]
[Result "1/2-1/2"]
[WhiteElo "2447"]
[BlackElo "2553"]
[PlyCount "141"]

1. c4 e5 2. Nc3 Nc6 3. g3 g6 4. Nf3 Nf6 5. d4 exd4 6. Nxd4 Ne5 7. Bf4 Nxc4 8.
Ndb5 d6 9. Qa4 c6 10. Qxc4 Be6 11. Qa4 cxb5 12. Qxb5+ Qd7 13. Bg2 d5 14. Qxd7+
Kxd7 15. O-O-O Bb4 16. e4 Rhc8 17. exd5 Bg4 18. Rd2 Bxc3 19. bxc3 Rxc3+ 20. Kb2
Rc4 21. f3 Bf5 22. Bf1 Rb4+ 23. Ka3 a5 24. Be5 Re8 25. Bd4 Kd6 26. g4 Bc2 27.
Bf2 Rc8 28. Bg3+ Ke7 29. d6+ Kf8 30. Be5 Nd7 31. Bd4 Rc6 32. Be2 Kg8 33. Re1
Rxd6 34. Bc3 Rxd2 35. Bxd2 Rd4 36. Bc3 Rd5 37. Rc1 Bd3 38. Rd1 Nc5 39. Bxa5 Rd4
40. Bb4 Rxb4 41. Bxd3 Ra4+ 42. Kb2 Nxd3+ 43. Rxd3 h5 44. h3 Rf4 45. Rb3 Kg7 46.
a3 Kf6 47. Kc2 Kg5 48. gxh5 gxh5 49. Kd2 Kh4 50. Ke3 Ra4 51. Rxb7 Rxa3+ 52. Ke4
Ra4+ 53. Kf5 Kxh3 54. Rxf7 Kg3 55. Rg7+ Kxf3 56. Rd7 Ra5+ 57. Kg6 h4 58. Rd3+
Kg2 59. Rd2+ Kf3 60. Rd3+ Kg4 61. Rd4+ Kg3 62. Rd3+ Kh2 63. Rd2+ Kg3 64. Rd3+
Kf2 65. Rd2+ Kg1 66. Rd1+ Kg2 67. Rd2+ Kh1 68. Rd1+ Kh2 69. Rd2+ Kh3 70. Rd3+
Kh2 71. Rd2+ 1/2-1/2

[Event "ICS Rated blitz match"]
[Site "204.178.125.65"]
[Date "2000.01.25"]
[Round "?"]
[White "BugChess"]
[Black "Hossa"]
[Result "0-1"]
[WhiteElo "2383"]
[BlackElo "2452"]
[PlyCount "94"]

1. e4 e5 2. Nf3 Nc6 3. Bb5 a6 4. Ba4 Nf6 5. O-O Be7 6. d4 exd4 7. e5 Ne4 8.
Nxd4 O-O 9. Nf5 d5 10. Bxc6 bxc6 11. Nxe7+ Qxe7 12. Qd4 f6 13. Bf4 Rb8 14. c4
fxe5 15. Bxe5 Rb4 16. Na3 Bb7 17. b3 c5 18. Qb2 d4 19. f4 Rb6 20. Rae1 Re6 21.
Qc2 Qd7 22. Rd1 Re7 23. Nb1 a5 24. Rfe1 Qg4 25. Qe2 Qh4 26. Qc2 Rfe8 27. Re2 g5
28. Rf1 gxf4 29. Bxf4 Rf8 30. Qc1 Ref7 31. Rxe4 Bxe4 32. g3 Qh3 33. Qd2 Rxf4
34. Rxf4 Rxf4 35. gxf4 Qf3 36. h3 Qg3+ 37. Kf1 Bd3+ 38. Qxd3 Qxd3+ 39. Kf2 Qxb1
40. f5 Qxf5+ 41. Ke2 Qc2+ 42. Kf3 d3 43. Ke4 d2+ 44. Kd5 d1=Q+ 45. Kc6 Qg6+ 46.
Kxc7 Qa6 47. h4 Qdd6# 0-1

[Event "ICS Rated blitz match"]
[Site "204.178.125.65"]
[Date "2000.01.25"]
[Round "?"]
[White "CosmicJoke"]
[Black "Hossa"]
[Result "1-0"]
[WhiteElo "2520"]
[BlackElo "2465"]
[PlyCount "81"]

1. e4 e5 2. Nf3 Nc6 3. Bb5 a6 4. Ba4 Nf6 5. d3 b5 6. Bb3 Bc5 7. Nc3 d6 8. O-O
Bg4 9. Be3 Nd4 10. Bxd4 Bxd4 11. Rb1 O-O 12. h3 Bh5 13. g4 Bg6 14. Nxd4 exd4
15. Ne2 c5 16. f4 h6 17. f5 Bh7 18. Nf4 Re8 19. Qd2 Rc8 20. Bd5 Qe7 21. Kh1
Nxd5 22. Nxd5 Qh4 23. Kh2 f6 24. Qa5 Rc6 25. a4 bxa4 26. Qxa4 Rcc8 27. Qxa6
Rcd8 28. Nc7 h5 29. gxh5 Rf8 30. Ne6 Qxh5 31. Rg1 g5 32. b4 cxb4 33. Nxd8 Rxd8
34. Qc4+ d5 35. Qxd4 Qf7 36. Rxb4 Qc7+ 37. Kh1 Qe7 38. h4 Kf7 39. hxg5 fxg5 40.
Rg3 dxe4 41. Qxe4 1-0

[Event "ICS Rated blitz match"]
[Site "204.178.125.65"]
[Date "2000.01.25"]
[Round "?"]
[White "Hossa"]
[Black "CosmicJoke"]
[Result "0-1"]
[WhiteElo "2452"]
[BlackElo "2533"]
[PlyCount "84"]

1. e4 c6 2. d4 d5 3. Nc3 dxe4 4. Nxe4 Bf5 5. Ng3 Bg6 6. Bc4 e6 7. Nf3 Bd6 8.
Bg5 Nf6 9. O-O Nbd7 10. Qe2 h6 11. Bxf6 Qxf6 12. Ne4 Bxe4 13. Qxe4 O-O-O 14.
Rae1 Nb6 15. Bb3 Kb8 16. Re2 Nd5 17. g3 Ne7 18. Rfe1 Ka8 19. c3 h5 20. a3 Nf5
21. Ba4 Rc8 22. Bc2 Ne7 23. Bd1 c5 24. Ba4 cxd4 25. cxd4 h4 26. g4 Nd5 27. Rc2
Rxc2 28. Bxc2 Rc8 29. Bb1 Qh6 30. Ba2 Nf4 31. Kh1 Nh3 32. Kg2 Ng5 33. Nxg5 Qxg5
34. d5 f5 35. Qxe6 Qxg4+ 36. Kh1 h3 37. Qxc8+ Bb8 38. Qxb8+ Kxb8 39. Re8+ Kc7
40. Re7+ Kd8 41. Rxg7 Qxg7 42. b4 Qg2# 0-1

[Event "ICS Rated blitz match"]
[Site "204.178.125.65"]
[Date "2000.01.25"]
[Round "?"]
[White "CosmicJoke"]
[Black "Hossa"]
[Result "1-0"]
[WhiteElo "2545"]
[BlackElo "2440"]
[PlyCount "141"]

1. d4 Nf6 2. c4 g6 3. Nc3 Bg7 4. e4 d6 5. Nf3 O-O 6. Be2 e5 7. O-O Nc6 8. d5
Ne7 9. Ne1 Nd7 10. Nd3 f5 11. Bg5 Nb6 12. Qb3 fxe4 13. Nxe4 Bf5 14. f3 Rf7 15.
Rac1 Rb8 16. Kh1 Qf8 17. c5 dxc5 18. Bxe7 Qxe7 19. Ndxc5 Bh6 20. Rc2 Qh4 21. g3
Qd8 22. Rd1 Qe7 23. a4 Qf8 24. a5 Na8 25. Nxb7 g5 26. d6 Kh8 27. dxc7 Rxc7 28.
Rxc7 Nxc7 29. Ned6 Bg6 30. Qc3 Qg7 31. Bd3 Bxd3 32. Rxd3 Rf8 33. Nd8 Rxd8 34.
Nf7+ Qxf7 35. Qxe5+ Kg8 36. Rxd8+ Bf8 37. Qxg5+ Kh8 38. Qe3 a6 39. Qd4+ Kg8 40.
Qg4+ Qg6 41. Qc4+ Ne6 42. Rd2 Qf7 43. f4 Nc5 44. Rd5 Ne6 45. Qc6 Ng7 46. Kg2
Qg6 47. Qxg6 hxg6 48. Rd7 Nf5 49. Ra7 Nd4 50. Rxa6 Kf7 51. Rb6 Bc5 52. Rb7+ Ke6
53. b4 Bxb4 54. Rxb4 Nc6 55. a6 Kd5 56. Rb7 Ke6 57. Kf3 Kd6 58. a7 Nxa7 59.
Rxa7 Kd5 60. Ra6 Kc5 61. Rxg6 Kd4 62. h4 Kd3 63. h5 Kd4 64. h6 Kc4 65. h7 Kc5
66. Rg7 Kb5 67. h8=Q Kb6 68. Qa8 Kb5 69. Rc7 Kb6 70. Qb8+ Ka5 71. Ra7# 1-0

[Event "ICS rated blitz match"]
[Site "204.178.125.65"]
[Date "2000.01.25"]
[Round "?"]
[White "Hossa"]
[Black "Amateur"]
[Result "0-1"]
[WhiteElo "2429"]
[BlackElo "2555"]
[PlyCount "182"]

1. d4 Nf6 2. c4 e6 3. Nc3 d5 4. Nf3 c5 5. cxd5 cxd4 6. dxe6 dxc3 7. exf7+ Ke7
8. Qxd8+ Kxd8 9. bxc3 Ke7 10. e3 Kxf7 11. Bc4+ Ke8 12. O-O Nc6 13. Nd4 Bd6 14.
Rd1 Nxd4 15. cxd4 Bd7 16. Rb1 Rc8 17. Bd3 Ba4 18. Re1 b6 19. Bf5 Rc6 20. Re2
Rc7 21. h4 Rf8 22. Bd3 Bd7 23. e4 Rc3 24. Ba6 Nh5 25. Bb2 Rc7 26. d5 Be7 27.
Be5 Rc5 28. f3 Ra5 29. Bb7 Bxh4 30. Bd4 Ra4 31. Be3 Bg3 32. Rc2 Kf7 33. Rbb2
Be5 34. Rb1 Ng3 35. Rd1 Rb8 36. Bc6 Bxc6 37. dxc6 Ke6 38. Bf2 Bf4 39. Rd7 Rg8
40. Be1 Nh5 41. Bd2 Bd6 42. g4 Nf6 43. Rb7 Bc5+ 44. Kg2 g5 45. Kg3 h6 46. Kh3
Rc8 47. c7 Ne8 48. Rb8 Kd7 49. Bc3 Rxc7 50. Rd2+ Ke7 51. Rdd8 Nd6 52. e5 Nb5
53. Re8+ Kd7 54. e6+ Kc6 55. Be5 Nd6 56. Rh8 Ra3 57. Rxh6 Rxf3+ 58. Kg2 Rf2+
59. Kh3 Rxa2 60. Bf6 Bg1 61. Bxg5 Rh2+ 62. Kg3 Rxh6 63. Bxh6 Re7 64. Bf4 Rxe6
65. Ra8 a5 66. Kg2 Be3 67. Bxd6 Kxd6 68. Kf3 Kd5 69. Ra6 Kc5 70. Ra8 Re7 71.
Rc8+ Kb4 72. Rc2 b5 73. Re2 a4 74. Rh2 a3 75. Rc2 Kb3 76. Rh2 a2 77. Rh1 Bd4
78. g5 Kc4 79. Rc1+ Kd5 80. Kg4 b4 81. Rf1 b3 82. Rf5+ Re5 83. Rf1 b2 84. Kh5
b1=Q 85. Rf7 Qh1+ 86. Kg6 Qe4+ 87. Kh5 a1=Q 88. Rd7+ Kc6 89. Rc7+ Kxc7 90. Kh6
Re6+ 91. g6 Qh4# 0-1

[Event "ICS rated blitz match"]
[Site "204.178.125.65"]
[Date "2000.01.25"]
[Round "?"]
[White "Amateur"]
[Black "Hossa"]
[Result "1-0"]
[WhiteElo "2565"]
[BlackElo "2416"]
[PlyCount "47"]
[EventDate "2000.??.??"]

1. e4 e5 2. Nf3 Nc6 3. Bb5 a6 4. Ba4 d6 5. c3 Bd7 6. d4 g6 7. O-O Bg7 8. d5
Nce7 9. Bxd7+ Qxd7 10. c4 f5 11. Nc3 Nf6 12. Ng5 Nxe4 13. Ncxe4 fxe4 14. Ne6
Nf5 15. Re1 Nd4 16. Nxd4 exd4 17. Rxe4+ Kf7 18. Qf3+ Kg8 19. Bf4 Rf8 20. Qb3 c6
21. c5 Rf7 22. cxd6 Qf5 23. Re8+ Bf8 24. dxc6 1-0

[Event "ICS Rated blitz match"]
[Site "204.178.125.65"]
[Date "2000.01.25"]
[Round "?"]
[White "Hossa"]
[Black "Beadle"]
[Result "0-1"]
[WhiteElo "2406"]
[BlackElo "2537"]
[PlyCount "160"]

1. e4 Nf6 2. e5 Nd5 3. c4 Nb6 4. d4 d6 5. exd6 exd6 6. Nf3 Nc6 7. d5 Ne5 8.
Nbd2 Bg4 9. Be2 Bf5 10. O-O Qf6 11. Nd4 O-O-O 12. Nxf5 Qxf5 13. a4 g5 14. a5
Nbd7 15. a6 b6 16. Re1 Be7 17. Nb3 Qe4 18. Nd4 Bf6 19. Nb5 Kb8 20. Nc3 Qh4 21.
g3 Qh3 22. Ne4 Qf5 23. Nxf6 Nxf6 24. Be3 g4 25. Bd4 Rhe8 26. Ra3 Ka8 27. b4 Rd7
28. Re3 Rde7 29. Bxe5 Rxe5 30. Qa4 Qc8 31. Qc6+ Kb8 32. Bd1 Rxe3 33. fxe3 h5
34. Rf1 Nd7 35. c5 dxc5 36. Ba4 Rd8 37. bxc5 Ne5 38. Qf6 Rxd5 39. cxb6 axb6 40.
e4 Rc5 41. a7+ Kxa7 42. Ra1 Ra5 43. Qe7 Qb7 44. Qb4 c5 45. Qb1 Qa6 46. Qa2 Qd3
47. Qb2 Qe3+ 48. Kf1 Qxe4 49. Qc3 Qh1+ 50. Kf2 Qxh2+ 51. Kf1 Nf3 52. Bd1 Qg1+
53. Ke2 Rxa1 54. Qxa1+ Kb7 55. Qa4 Qe1+ 56. Kd3 Ne5+ 57. Kc2 Qf2+ 58. Kb1 Qxg3
59. Qe4+ Kc7 60. Qa8 Qd3+ 61. Bc2 Qb5+ 62. Kc1 h4 63. Qa7+ Kd6 64. Qb8+ Ke6 65.
Qd8 h3 66. Qc8+ Qd7 67. Qg8 b5 68. Qg5 Qd4 69. Bf5+ Kd5 70. Kc2 h2 71. Qd8+ Kc4
72. Qa8 Qf2+ 73. Kc1 h1=R+ 74. Qxh1 Kc3 75. Qd5 Qf4+ 76. Kb1 Qxf5+ 77. Ka1 Qf1+
78. Qd1 Qxd1+ 79. Ka2 Qb3+ 80. Ka1 Qb2# 0-1

[Event "ICS rated blitz match"]
[Site "204.178.125.65"]
[Date "2000.01.25"]
[Round "?"]
[White "Hossa"]
[Black "petur3"]
[Result "1-0"]
[WhiteElo "2400"]
[BlackElo "2075"]
[PlyCount "39"]

1. e4 c5 2. Nf3 e6 3. d4 cxd4 4. Nxd4 Bc5 5. Nb3 Bb6 6. Nc3 Ne7 7. e5 Nbc6 8.
f4 Nf5 9. Qd3 O-O 10. Ne4 Nb4 11. Qd1 Nd5 12. Bd3 d6 13. exd6 Nde3 14. Qe2 Qh4+
15. g3 Qh3 16. Bxe3 Nxe3 17. Ng5 Qg2 18. Qxg2 Nxg2+ 19. Ke2 h6 20. Ne4 1-0

[Event "ICS rated blitz match"]
[Site "204.178.125.65"]
[Date "2000.01.25"]
[Round "?"]
[White "Hossa"]
[Black "ComputoJon"]
[Result "1-0"]
[WhiteElo "2404"]
[BlackElo "2225"]
[PlyCount "82"]

1. e4 c5 2. Nf3 e6 3. d4 cxd4 4. Nxd4 a6 5. c4 Nf6 6. Nc3 Qc7 7. Bd3 b6 8. O-O
d6 9. Bg5 Be7 10. Qf3 Nbd7 11. Bxf6 Bxf6 12. Nde2 Bb7 13. Rad1 O-O 14. Qh5 g6
15. Qh6 Ne5 16. Rd2 Rfd8 17. Rfd1 Bg7 18. Qh4 Rd7 19. Kh1 Rad8 20. b3 Nc6 21.
Bc2 Ne7 22. a4 h6 23. Bb1 Nc6 24. Qg3 Na5 25. Bc2 Nc6 26. Kg1 Nb4 27. Bb1 Qb8
28. Bd3 Nxd3 29. Qxd3 Qa8 30. Qe3 Qa7 31. a5 Bc6 32. axb6 Qb7 33. f3 Be5 34.
Na2 Kg7 35. Nb4 a5 36. Nxc6 Qxc6 37. f4 Bf6 38. Nd4 Qb7 39. Nb5 e5 40. Nxd6 Qc6
41. Ne8+ Kf8 1-0

[Event "ICS rated blitz match"]
[Site "204.178.125.65"]
[Date "2000.01.25"]
[Round "?"]
[White "ComputoJon"]
[Black "Hossa"]
[Result "0-1"]
[WhiteElo "2217"]
[BlackElo "2412"]
[PlyCount "41"]

1. e4 e5 2. Nf3 Nc6 3. d4 exd4 4. Nxd4 Nf6 5. Nxc6 bxc6 6. e5 Qe7 7. Qe2 Nd5 8.
c4 Ba6 9. b3 Rb8 10. g3 g6 11. Bg2 Bg7 12. Bb2 O-O 13. O-O Nb6 14. Re1 Qe6 15.
Qd2 c5 16. Qa5 Nxc4 17. bxc4 Rxb2 18. Bd5 Qb6 19. Qxb6 axb6 20. Na3 Rb8 21.
Reb1 0-1